[Event "2024 National Elementary (K-6) Championship"]
[Site "Columbus, Ohio, United States"]
[Date "2024.04.27"]
[Round "5.15"]
[White "Jha, Keya"]
[Black "Karthigeyan, Kishan"]
[Result "0-1"]
[TimeControl "G/90; d10"]
[WhiteFideId "39928560"]
[BlackFideId "39911420"]
[WhiteElo "1713"]
[BlackElo "1931"]

1. e4 {[%clk 01:30:00]} e5 {[%clk 01:30:00]} {[%emt 00:00:13]} 2. Nf3 {[%clk
01:30:00]} {[%emt 00:00:16]} Nc6 {[%clk 01:29:59]} {[%emt 00:00:08]} 3. Bc4
{[%clk 01:30:00]} Bc5 {[%clk 01:29:59]} {[%emt 00:00:02]} 4. d3 {[%clk
01:29:54]} {[%emt 00:00:16]} Nf6 {[%clk 01:29:59]} {[%emt 00:00:07]} 5. Nc3
{[%clk 01:29:45]} {[%emt 00:00:14]} d6 {[%clk 01:29:59]} {[%emt 00:00:08]} 6.
Bg5 {[%clk 01:29:28]} {[%emt 00:00:30]} h6 {[%clk 01:29:52]} {[%emt 00:00:15]}
7. Bh4 {[%clk 01:29:28]} {[%emt 00:00:09]} g5 {[%clk 01:29:52]} {[%emt
00:00:06]} 8. Bg3 {[%clk 01:29:15]} {[%emt 00:00:24]} Bg4 {[%clk 01:29:52]}
{[%emt 00:00:34]} 9. h3 {[%clk 01:29:04]} {[%emt 00:00:03]} Bh5 {[%clk
01:29:30]} {[%emt 00:00:31]} 10. h4 {[%clk 01:28:34]} {[%emt 00:00:37]} Nd4
{[%clk 01:28:00]} {[%emt 00:01:37]} 11. hxg5 {[%clk 01:27:43]} {[%emt
00:01:01]} Nxf3+ {[%clk 01:27:48]} {[%emt 00:00:23]} 12. gxf3 {[%clk 01:27:37]}
{[%emt 00:00:16]} hxg5 {[%clk 01:27:34]} {[%emt 00:00:25]} 13. Qd2 {[%clk
01:27:35]} {[%emt 00:00:10]} Rg8 {[%clk 01:25:57]} {[%emt 00:01:47]} 14. Qe2
{[%clk 01:26:52]} {[%emt 00:00:52]} Bg6 {[%clk 01:15:45]} {[%emt 00:10:21]} 15.
Kd2 {[%clk 01:26:00]} {[%emt 00:01:03]} c6 {[%clk 01:14:45]} {[%emt 00:01:09]}
16. a4 {[%clk 01:25:11]} {[%emt 00:01:01]} Qc7 {[%clk 01:11:49]} {[%emt
00:02:58]} 17. Na2 {[%clk 01:24:34]} {[%emt 00:00:56]} a5 {[%clk 01:11:24]}
{[%emt 00:00:44]} 18. c3 {[%clk 01:23:54]} {[%emt 00:01:05]} Nd7 {[%clk
01:08:49]} {[%emt 00:02:19]} 19. Rab1 {[%clk 01:23:49]} {[%emt 00:00:34]} Nf8
{[%clk 01:02:35]} {[%emt 00:06:04]} 20. Kc2 {[%clk 01:22:17]} {[%emt 00:01:43]}
Ne6 {[%clk 01:01:36]} {[%emt 00:01:23]} 21. Qd2 {[%clk 01:19:03]} {[%emt
00:03:10]} Qe7 {[%clk 00:59:27]} {[%emt 00:02:20]} 22. Nc1 {[%clk 01:18:28]}
{[%emt 00:00:43]} Nc7 {[%clk 00:56:49]} {[%emt 00:02:46]} 23. Bb3 {[%clk
01:16:51]} {[%emt 00:02:04]} b5 {[%clk 00:54:51]} {[%emt 00:01:55]} 24. Ne2
{[%clk 01:16:30]} {[%emt 00:00:29]} Qf6 {[%clk 00:53:18]} {[%emt 00:01:44]} 25.
d4 {[%clk 01:13:35]} {[%emt 00:03:06]} Qxf3 {[%clk 00:51:53]} {[%emt 00:01:43]}
26. Qe3 {[%clk 01:11:31]} {[%emt 00:02:04]} Bxe4+ {[%clk 00:51:04]} {[%emt
00:01:05]} 27. Kd2 {[%clk 01:11:21]} {[%emt 00:00:41]} Qxe3+ {[%clk 00:51:04]}
28. Kxe3 {[%clk 01:11:07]} {[%emt 00:00:05]} Bxb1 {[%clk 00:49:07]} {[%emt
00:02:09]} 29. dxc5 {[%clk 01:11:05]} {[%emt 00:00:37]} Bg6 {[%clk 00:48:07]}
{[%emt 00:01:10]} 30. cxd6 {[%clk 01:11:05]} Ne6 {[%clk 00:41:47]} {[%emt
00:06:37]} 31. axb5 {[%clk 01:10:59]} {[%emt 00:00:05]} cxb5 {[%clk 00:41:42]}
{[%emt 00:00:08]} 32. Bd5 {[%clk 01:10:59]} {[%emt 00:00:08]} Ra6 {[%clk
00:40:45]} {[%emt 00:01:03]} 33. Bxe5 {[%clk 01:10:41]} {[%emt 00:00:26]} Kd7
{[%clk 00:39:26]} {[%emt 00:01:29]} 34. Nd4 {[%clk 01:10:06]} {[%emt 00:00:44]}
Nf4 {[%clk 00:37:50]} {[%emt 00:01:49]} 35. Bxf4 {[%clk 01:07:13]} {[%emt
00:03:04]} gxf4+ {[%clk 00:37:50]} {[%emt 00:00:11]} 36. Kxf4 {[%clk 01:07:13]}
{[%emt 00:00:08]} Rxd6 {[%clk 00:37:46]} {[%emt 00:00:14]} 37. Bf3 {[%clk
01:06:55]} {[%emt 00:00:24]} b4 {[%clk 00:35:21]} {[%emt 00:02:36]} 38. Ra1
{[%clk 01:06:45]} {[%emt 00:00:23]} bxc3 {[%clk 00:32:01]} {[%emt 00:03:29]} 39.
bxc3 {[%clk 01:06:45]} {[%emt 00:00:09]} Ra6 {[%clk 00:29:54]} {[%emt
00:02:15]} 40. Nc6 {[%clk 01:05:02]} {[%emt 00:01:56]} a4 {[%clk 00:27:04]}
{[%emt 00:02:58]} 41. Ne5+ {[%clk 01:04:54]} {[%emt 00:00:22]} Ke7 {[%clk
00:25:59]} {[%emt 00:01:10]} 42. Bc6 {[%clk 01:04:21]} {[%emt 00:00:43]} a3
{[%clk 00:23:44]} {[%emt 00:02:34]} 43. Bb5 {[%clk 01:03:55]} {[%emt 00:00:27]}
Rf6+ {[%clk 00:23:10]} {[%emt 00:00:44]} 44. Ke3 {[%clk 01:03:55]} {[%emt
00:00:22]} Ra8 {[%clk 00:22:04]} {[%emt 00:00:59]} 45. Nc6+ {[%clk 01:03:44]}
{[%emt 00:00:25]} Kd6 {[%clk 00:21:55]} {[%emt 00:00:18]} 46. Nb4 {[%clk
01:03:24]} {[%emt 00:00:31]} Kc5 {[%clk 00:20:31]} {[%emt 00:01:30]} 47. Be2
{[%clk 01:02:46]} {[%emt 00:00:53]} Re8+ {[%clk 00:20:26]} {[%emt 00:00:16]} 48.
Kd2 {[%clk 01:02:46]} {[%emt 00:00:09]} Rxf2 {[%clk 00:19:30]} {[%emt
00:01:02]} 49. Re1 {[%clk 01:02:46]} {[%emt 00:00:13]} Rexe2+ {[%clk 00:16:55]}
{[%emt 00:02:44]} 50. Rxe2 {[%clk 01:02:46]} {[%emt 00:00:09]} Rxe2+ {[%clk
00:16:55]} {[%emt 00:00:07]} 51. Kxe2 {[%clk 01:02:46]} {[%emt 00:00:04]} Bb1
{[%clk 00:16:55]} {[%emt 00:00:07]} 0-1

[Event "2024 National Elementary (K-6) Championship"]
[Site "Columbus, Ohio, United States"]
[Date "2024.04.27"]
[Round "5.16"]
[White "Fan, Evan Qianyuan"]
[Black "Sarwar, Sawyer L"]
[Result "1/2-1/2"]
[TimeControl "G/90; d10"]
[WhiteFideId "39905446"]
[BlackFideId "39942058"]
[WhiteElo "1821"]
[BlackElo "1748"]

1. e4 {[%clk 01:30:00]} {[%emt 00:00:15]} e5 {[%clk 01:30:00]} {[%emt
00:00:14]} 2. Nf3 {[%clk 01:30:00]} Nc6 {[%clk 01:30:00]} {[%emt 00:00:09]} 3.
Bc4 {[%clk 01:30:00]} {[%emt 00:00:03]} Bc5 {[%clk 01:29:59]} {[%emt 00:00:05]}
4. d3 {[%clk 01:30:00]} {[%emt 00:00:02]} Nf6 {[%clk 01:29:49]} {[%emt
00:00:11]} 5. c3 {[%clk 01:30:00]} {[%emt 00:00:28]} d6 {[%clk 01:29:22]}
{[%emt 00:00:35]} 6. O-O {[%clk 01:29:57]} {[%emt 00:00:03]} O-O {[%clk
01:29:09]} {[%emt 00:00:12]} 7. Nbd2 {[%clk 01:29:57]} {[%emt 00:00:07]} a6
{[%clk 01:29:09]} {[%emt 00:00:14]} 8. Re1 {[%clk 01:29:57]} {[%emt 00:00:15]}
Na5 {[%clk 01:28:45]} {[%emt 00:00:18]} 9. Bb3 {[%clk 01:29:27]} {[%emt
00:00:40]} Nxb3 {[%clk 01:28:27]} {[%emt 00:00:31]} 10. axb3 {[%clk 01:29:27]}
{[%emt 00:00:08]} Ba7 {[%clk 01:27:54]} {[%emt 00:00:46]} 11. Nf1 {[%clk
01:29:15]} {[%emt 00:00:22]} c6 {[%clk 01:26:10]} {[%emt 00:01:49]} 12. Ng3
{[%clk 01:29:03]} {[%emt 00:00:21]} Re8 {[%clk 01:17:49]} {[%emt 00:08:55]} 13.
Bg5 {[%clk 01:24:01]} {[%emt 00:04:49]} h6 {[%clk 01:17:06]} {[%emt 00:00:58]}
14. Be3 {[%clk 01:20:07]} {[%emt 00:03:58]} Bxe3 {[%clk 01:16:33]} {[%emt
00:00:42]} 15. Rxe3 {[%clk 01:15:07]} {[%emt 00:05:12]} Qb6 {[%clk 01:13:26]}
{[%emt 00:03:41]} 16. Nh4 {[%clk 01:10:59]} {[%emt 00:03:54]} Be6 {[%clk
01:09:39]} {[%emt 00:03:58]} 17. Nhf5 {[%clk 01:06:01]} {[%emt 00:05:05]} Bxb3
{[%clk 00:56:08]} {[%emt 00:13:40]} 18. Qf3 {[%clk 01:06:01]} {[%emt 00:00:26]}
Be6 {[%clk 00:55:58]} {[%emt 00:00:06]} 19. Nxh6+ {[%clk 00:57:15]} {[%emt
00:08:54]} Kf8 {[%clk 00:55:02]} {[%emt 00:01:06]} 20. b4 {[%clk 00:55:57]}
{[%emt 00:01:28]} Qd8 {[%clk 00:53:51]} {[%emt 00:01:21]} 21. Nhf5 {[%clk
00:53:44]} {[%emt 00:02:26]} g6 {[%clk 00:49:53]} {[%emt 00:04:44]} 22. Nh6
{[%clk 00:52:02]} {[%emt 00:01:13]} Ke7 {[%clk 00:48:14]} {[%emt 00:01:50]} 23.
h3 {[%clk 00:50:33]} {[%emt 00:01:54]} Rh8 {[%clk 00:47:30]} {[%emt 00:00:38]}
24. Ng4 {[%clk 00:50:33]} {[%emt 00:00:20]} Nxg4 {[%clk 00:47:12]} {[%emt
00:00:16]} 25. hxg4 {[%clk 00:50:33]} {[%emt 00:00:23]} Qd7 {[%clk 00:46:17]}
{[%emt 00:01:08]} 26. g5 {[%clk 00:50:08]} {[%emt 00:00:22]} Rag8 {[%clk
00:45:35]} {[%emt 00:00:48]} 27. Qf6+ {[%clk 00:49:24]} {[%emt 00:00:54]} Kf8
{[%clk 00:44:31]} {[%emt 00:01:30]} 28. Rae1 {[%clk 00:48:02]} {[%emt
00:01:16]} Rh4 {[%clk 00:43:37]} {[%emt 00:01:04]} 29. Rf3 {[%clk 00:42:59]}
{[%emt 00:05:13]} Bg4 {[%clk 00:43:07]} {[%emt 00:00:40]} 30. Rfe3 {[%clk
00:42:59]} {[%emt 00:00:27]} Be6 {[%clk 00:42:52]} 1/2-1/2

[Event "2024 National Elementary (K-6) Championship"]
[Site "Columbus, Ohio, United States"]
[Date "2024.04.27"]
[Round "5.18"]
[White "Santhosh, Shravan"]
[Black "Sackey, Jr, Emmanuel"]
[Result "1-0"]
[TimeControl "G/90; d10"]
[WhiteElo "804"]
[BlackElo "859"]

1. e4 {[%clk 01:30:00]} {[%emt 00:00:05]} e5 {[%clk 01:30:00]} {[%emt
00:00:09]} 2. Nf3 {[%clk 01:30:00]} {[%emt 00:00:12]} d6 {[%clk 01:30:00]}
{[%emt 00:00:04]} 3. Nc3 {[%clk 01:30:00]} {[%emt 00:00:08]} c6 {[%clk
01:30:00]} {[%emt 00:00:02]} 4. Be2 {[%clk 01:29:41]} {[%emt 00:00:17]} h6
{[%clk 01:30:00]} {[%emt 00:00:07]} 5. O-O {[%clk 01:29:41]} {[%emt 00:00:09]}
Nf6 {[%clk 01:30:00]} {[%emt 00:00:03]} 6. d4 {[%clk 01:29:20]} {[%emt
00:00:36]} exd4 {[%clk 01:29:56]} {[%emt 00:00:14]} 7. Nxd4 {[%clk 01:29:20]}
{[%emt 00:00:08]} c5 {[%clk 01:29:37]} {[%emt 00:00:30]} 8. Bb5+ {[%clk
01:28:37]} {[%emt 00:00:54]} Bd7 {[%clk 01:29:29]} {[%emt 00:00:17]} 9. Bxd7+
{[%clk 01:28:05]} {[%emt 00:00:42]} Nbxd7 {[%clk 01:29:29]} {[%emt 00:00:06]}
10. Nf3 {[%clk 01:28:00]} {[%emt 00:00:15]} Be7 {[%clk 01:29:29]} {[%emt
00:00:08]} 11. Bf4 {[%clk 01:27:33]} {[%emt 00:00:36]} O-O {[%clk 01:29:27]}
{[%emt 00:00:12]} 12. Bxd6 {[%clk 01:27:32]} {[%emt 00:00:12]} Bxd6 {[%clk
01:29:23]} {[%emt 00:00:14]} 13. Qxd6 {[%clk 01:27:32]} {[%emt 00:00:09]} Re8
{[%clk 01:29:16]} {[%emt 00:00:18]} 14. Rad1 {[%clk 01:25:41]} {[%emt
00:02:00]} b5 {[%clk 01:28:01]} {[%emt 00:01:26]} 15. Nxb5 {[%clk 01:25:14]}
{[%emt 00:00:36]} Nxe4 {[%clk 01:27:33]} {[%emt 00:00:38]} 16. Qxd7 {[%clk
01:25:04]} {[%emt 00:00:18]} Qa5 {[%clk 01:26:46]} {[%emt 00:01:00]} 17. Rfe1
{[%clk 01:19:57]} {[%emt 00:05:16]} Nf6 {[%clk 01:23:18]} {[%emt 00:03:37]} 18.
Rxe8+ {[%clk 01:17:46]} {[%emt 00:02:20]} Rxe8 {[%clk 01:22:44]} {[%emt
00:00:18]} 19. Qc6 {[%clk 01:15:51]} {[%emt 00:02:33]} Qxa2 {[%clk 01:21:19]}
{[%emt 00:01:35]} 20. Nd6 {[%clk 01:14:10]} {[%emt 00:01:51]} Re6 {[%clk
01:20:49]} {[%emt 00:00:40]} 21. Qc8+ {[%clk 01:06:58]} {[%emt 00:07:22]} Kh7
{[%clk 01:20:41]} {[%emt 00:00:15]} 22. Nxf7 {[%clk 01:06:46]} {[%emt
00:00:25]} Re8 {[%clk 01:19:27]} {[%emt 00:01:24]} 23. Qf5+ {[%clk 01:01:27]}
{[%emt 00:05:29]} Kg8 {[%clk 01:18:51]} {[%emt 00:00:43]} 24. Nxh6+ {[%clk
01:01:07]} {[%emt 00:00:32]} gxh6 {[%clk 01:18:50]} {[%emt 00:00:12]} 25. Qxf6
{[%clk 01:01:07]} {[%emt 00:00:06]} Rf8 {[%clk 01:17:51]} {[%emt 00:01:04]} 26.
Qg6+ {[%clk 01:01:07]} {[%emt 00:00:14]} Kh8 {[%clk 01:17:44]} {[%emt
00:00:14]} 27. Qxh6+ {[%clk 01:01:07]} {[%emt 00:00:06]} Kg8 {[%clk 01:17:43]}
{[%emt 00:00:05]} 28. Ng5 {[%clk 01:01:07]} {[%emt 00:00:15]} Rf7 {[%clk
01:15:27]} {[%emt 00:02:27]} 29. Rd8+ {[%clk 01:01:00]} {[%emt 00:00:16]} Rf8
{[%emt 00:00:30]} 30. Rxf8# {[%emt 00:00:13]} 1-0

[Event "2024 National Elementary (K-6) Championship"]
[Site "Columbus, Ohio, United States"]
[Date "2024.04.27"]
[Round "5.19"]
[White "Gu, Hardy"]
[Black "Roy Choudhury, Arya"]
[Result "1-0"]
[TimeControl "G/90; d10"]
[WhiteFideId "39941876"]
[BlackFideId "39903079"]
[WhiteElo "1892"]
[BlackElo "1727"]

1. d4 {[%clk 01:30:00]} {[%emt 00:00:03]} Nf6 {[%clk 01:30:00]} {[%emt
00:00:14]} 2. Bf4 {[%clk 01:30:00]} {[%emt 00:00:07]} g6 {[%clk 01:30:00]}
{[%emt 00:00:12]} 3. e3 {[%clk 01:30:00]} {[%emt 00:00:03]} Bg7 {[%clk
01:29:58]} {[%emt 00:00:05]} 4. Nf3 {[%clk 01:30:00]} O-O {[%clk 01:29:57]}
{[%emt 00:00:06]} 5. Be2 {[%clk 01:30:00]} {[%emt 00:00:03]} d5 {[%clk
01:29:39]} {[%emt 00:00:28]} 6. O-O {[%clk 01:30:00]} {[%emt 00:00:04]} c5
{[%clk 01:29:39]} {[%emt 00:00:10]} 7. c3 {[%clk 01:30:00]} {[%emt 00:00:03]}
Nc6 {[%clk 01:29:39]} {[%emt 00:00:06]} 8. h3 {[%clk 01:30:00]} {[%emt
00:00:04]} Bf5 {[%clk 01:29:39]} {[%emt 00:00:06]} 9. Nbd2 {[%clk 01:30:00]}
{[%emt 00:00:09]} Qb6 {[%clk 01:28:43]} {[%emt 00:01:06]} 10. Qb3 {[%clk
01:29:49]} {[%emt 00:00:22]} Qxb3 {[%clk 01:27:21]} {[%emt 00:01:32]} 11. axb3
{[%clk 01:29:24]} {[%emt 00:00:35]} a6 {[%clk 01:25:39]} {[%emt 00:01:52]} 12.
Ne5 {[%clk 01:28:04]} {[%emt 00:01:30]} Nxe5 {[%clk 01:23:36]} {[%emt
00:02:13]} 13. Bxe5 {[%clk 01:28:04]} {[%emt 00:00:04]} cxd4 {[%clk 01:23:15]}
{[%emt 00:00:31]} 14. exd4 {[%clk 01:28:04]} {[%emt 00:00:08]} Bh6 {[%clk
01:17:51]} {[%emt 00:05:33]} 15. f4 {[%clk 01:27:39]} {[%emt 00:00:36]} Ne4
{[%clk 01:16:01]} {[%emt 00:02:00]} 16. Nxe4 {[%clk 01:26:51]} {[%emt
00:00:57]} Bxe4 {[%clk 01:15:03]} {[%emt 00:01:08]} 17. c4 {[%clk 01:26:23]}
{[%emt 00:00:40]} Rac8 {[%clk 01:14:53]} {[%emt 00:00:20]} 18. Bg4 {[%clk
01:25:29]} {[%emt 00:01:04]} Rc6 {[%clk 01:11:14]} {[%emt 00:03:49]} 19. c5
{[%emt 00:05:58]} Rd8 {[%clk 01:06:44]} {[%emt 00:00:42]} 20. f5 {[%clk
01:23:23]} {[%emt 00:00:25]} f6 {[%clk 01:06:12]} {[%emt 00:00:42]} 21. Bg3
{[%clk 01:23:02]} {[%emt 00:00:31]} Be3+ {[%clk 01:05:32]} {[%emt 00:00:50]} 22.
Bf2 {[%clk 01:22:59]} {[%emt 00:00:13]} Bxf2+ {[%clk 01:04:09]} {[%emt
00:01:33]} 23. Rxf2 {[%clk 01:22:59]} {[%emt 00:00:06]} h5 {[%clk 01:03:51]}
{[%emt 00:00:27]} 24. Bf3 {[%clk 01:22:28]} {[%emt 00:00:42]} Bxf5 {[%clk
01:02:30]} {[%emt 00:01:31]} 25. Bxh5 {[%emt 00:03:24]} Kg7 {[%clk 00:58:01]}
{[%emt 00:01:25]} 26. Re1 {[%emt 00:03:41]} Rd7 {[%clk 00:51:59]} {[%emt
00:03:37]} 27. Bf3 {[%clk 01:20:48]} {[%emt 00:00:53]} e6 {[%clk 00:46:36]}
{[%emt 00:05:32]} 28. Re3 {[%clk 01:19:23]} {[%emt 00:01:36]} g5 {[%clk
00:45:11]} {[%emt 00:01:35]} 29. Rfe2 {[%clk 01:18:31]} {[%emt 00:01:02]} Kf7
{[%clk 00:44:18]} {[%emt 00:01:04]} 30. b4 {[%clk 01:17:26]} {[%emt 00:01:15]}
b5 {[%clk 00:41:30]} {[%emt 00:02:56]} 31. Ra3 {[%clk 01:17:02]} {[%emt
00:00:34]} Rd8 {[%clk 00:40:06]} {[%emt 00:01:34]} 32. b3 {[%clk 01:16:56]}
{[%emt 00:00:18]} Rh8 {[%clk 00:37:08]} {[%emt 00:03:06]} 33. Rea2 {[%clk
01:16:44]} {[%emt 00:00:23]} Ra8 {[%clk 00:37:02]} {[%emt 00:00:17]} 34. Be2
{[%clk 01:16:30]} {[%emt 00:00:23]} e5 {[%clk 00:34:00]} {[%emt 00:03:11]} 35.
Bxb5 {[%clk 01:15:56]} {[%emt 00:00:44]} Rc7 {[%clk 00:31:55]} {[%emt
00:02:16]} 36. dxe5 {[%clk 01:15:47]} {[%emt 00:00:18]} fxe5 {[%clk 00:31:49]}
{[%emt 00:00:17]} 37. Rxa6 {[%clk 01:15:21]} {[%emt 00:00:36]} Rb8 {[%clk
00:31:32]} {[%emt 00:00:27]} 38. Rb6 {[%clk 01:15:15]} {[%emt 00:00:16]} Rxb6
{[%clk 00:31:22]} {[%emt 00:00:20]} 39. cxb6 {[%clk 01:15:15]} {[%emt
00:00:07]} Rc8 {[%clk 00:28:52]} {[%emt 00:02:40]} 40. Ra7+ {[%clk 01:15:11]}
{[%emt 00:00:15]} Kf6 {[%clk 00:25:59]} {[%emt 00:02:59]} 41. b7 {[%clk
01:15:11]} {[%emt 00:00:13]} Rb8 {[%clk 00:25:03]} {[%emt 00:01:06]} 42. Bc6
{[%clk 01:15:10]} {[%emt 00:00:10]} Bc8 {[%clk 00:23:16]} {[%emt 00:01:56]} 43.
bxc8=Q {[%clk 01:15:04]} Rxc8 {[%clk 00:23:16]} 44. b5 {[%clk 01:15:01]} {[%emt
00:00:17]} d4 {[%emt 00:02:55]} 45. Be4 {[%emt 00:00:25]} Rc3 {[%clk 00:19:34]}
{[%emt 00:00:30]} 46. b6 {[%clk 01:14:52]} {[%emt 00:00:20]} Rxb3 {[%clk
00:19:25]} {[%emt 00:00:19]} 47. b7 {[%clk 01:14:52]} {[%emt 00:00:06]} d3
{[%clk 00:19:05]} {[%emt 00:00:28]} 48. Bxd3 {[%clk 01:14:46]} {[%emt
00:00:13]} 1-0